|
|
|
|
| LEADER |
02267nam a2200601 i 4500 |
| 001 |
nkc20233536439 |
| 003 |
CZ PrNK |
| 005 |
20230920124331.0 |
| 007 |
ta |
| 008 |
230810s2023 xr ae f 000 0 cze |
| 015 |
|
|
|a cnb003536439
|
| 020 |
|
|
|a 978-80-88349-50-1
|q (vázáno)
|
| 035 |
|
|
|a (OCoLC)1402155981
|
| 040 |
|
|
|a BOA001
|b cze
|d ABA001
|e rda
|
| 043 |
|
|
|a e-xr---
|b e-xr-pg
|2 czenas
|
| 045 |
|
|
|a w-x-
|
| 072 |
|
7 |
|a 624
|x Stavební inženýrství
|2 Konspekt
|9 19
|
| 080 |
|
|
|a 624.21.014.2
|2 MRF
|
| 080 |
|
|
|a 624.014.2
|2 MRF
|
| 080 |
|
|
|a 621.884-112.84
|2 MRF
|
| 080 |
|
|
|a 625.76
|2 MRF
|
| 080 |
|
|
|a (437.311)
|2 MRF
|
| 080 |
|
|
|a (048.8:082)
|2 MRF
|
| 100 |
1 |
|
|a Rotter, Tomáš,
|d 1947-
|7 ntka173891
|4 aut
|
| 245 |
1 |
0 |
|a Ocelové nýtované mosty v Praze /
|c Tomáš Rotter, Pavel Ryjáček, Martin Pospíšil
|
| 250 |
|
|
|a Vydání první
|
| 264 |
|
1 |
|a Praha :
|b Cattacan,
|c 2023
|
| 300 |
|
|
|a 240 stran :
|b ilustrace (převážně barevné), plány ;
|c 29 cm
|
| 336 |
|
|
|a text
|b txt
|2 rdacontent
|
| 337 |
|
|
|a bez média
|b n
|2 rdamedia
|
| 338 |
|
|
|a svazek
|b nc
|2 rdacarrier
|
| 504 |
|
|
|a Obsahuje bibliografii
|
| 648 |
|
7 |
|a 19.-21. století
|7 ch757016
|2 czenas
|
| 648 |
|
7 |
|a 20.-21. století
|7 ch462155
|2 czenas
|
| 650 |
0 |
7 |
|a ocelové mosty
|7 ph115544
|z Česko
|y 19.-21. století
|2 czenas
|
| 650 |
0 |
7 |
|a ocelové konstrukce
|7 ph115543
|z Česko
|2 czenas
|
| 650 |
0 |
7 |
|a nýtové spoje
|7 ph564316
|2 czenas
|
| 650 |
0 |
7 |
|a opravy a údržba pozemních komunikací
|7 ph254902
|z Česko
|y 20.-21. století
|2 czenas
|
| 650 |
0 |
9 |
|a steel bridges
|z Czechia
|y 19th-21st centuries
|2 eczenas
|
| 650 |
0 |
9 |
|a steel structures
|z Czechia
|2 eczenas
|
| 650 |
0 |
9 |
|a riveted joints
|2 eczenas
|
| 650 |
0 |
9 |
|a roads maintenance and repair
|z Czechia
|y 20th-21st centuries
|2 eczenas
|
| 651 |
|
7 |
|a Praha (Česko)
|7 ge118011
|2 czenas
|
| 651 |
|
9 |
|a Prague (Czechia)
|2 eczenas
|
| 655 |
|
7 |
|a kolektivní monografie
|7 fd501537
|2 czenas
|
| 655 |
|
9 |
|a collective monographs
|2 eczenas
|
| 700 |
1 |
|
|a Ryjáček, Pavel,
|d 1977-
|7 xx0168772
|4 aut
|
| 700 |
1 |
|
|a Pospíšil, Martin,
|d 1962-
|7 ctu2013774454
|4 aut
|
| 910 |
2 |
|
|a BOA001
|b 4-1511.459
|
| 990 |
|
|
|a BK
|
| 995 |
|
|
|a 01
|
| 991 |
|
|
|b 202308
|c NOV
|
| 996 |
6 |
|
|b 2610946534
|c 4-1511.459
|l MZK
|r Sklad / do 1 hodiny
|n 2
|p p.v.
|w 001936116
|u 000010
|a 1
|e BOA001
|j MZK50
|s P
|